| 000 | 003650000a22001210004500 | ||
|---|---|---|---|
| 090 |
_aAS _bSeriadas |
||
| 245 | 1 | 0 | _aNuevo cangrejo de agua dulce de la cordillera Central de Colombia |
| 041 | 0 | _aEspañol | |
| 700 | 1 |
_aGiraldo, Jorge _999542 |
|
| 100 | 1 |
_aPrahl, Henry von _93651 |
|
| 942 | _cARTICULO | ||
| 773 | 1 |
_tLozania: Acta Zoológica Colombiana _3375 _h49 _q1-5 _d1985 |
|
| 999 |
_c15198 _d15198 |
||